000 00497nam a2200097Ia 4500
008 180130s9999 xx 000 0 und d
245 _cKennedy, Emily; Krahn, Harvey; Krogman, Naomi T.
_aTaking social practice theories on the road: a mixed-methods case study of sustainable transportation
260 _c2013
300 _aBook title: Innovations in sustainable consumption : new economics, socio-technical transitions and social practices--Acession number C17507; pages 252-276
650 _aECONOMICS
999 _c354483
_d354483